000 00561nam a2200205Ia 4500
003 IN-BaIIA
008 211028s9999 xx 000 0 eng d
020 _a0-521-63898-4
040 _cIIA Library
080 _a52
_bNAR
100 _aNarliker, J. V
_926570
245 0 _aSeven wonders of the cosmos
_cJ. V. Narliker
260 _aCambridge
_bCambridge University Press
_c1999
300 _ax, 324p.
650 _aExpanding Universe
_93204
650 _aSpace
_93725
650 _aStellar World
_926571
650 _aWhen Stars Explode
_926572
942 _cBK
999 _c14783
_d14783